000 00428nam a2200133 a 4500
005 20140412111414.0
008 070717s19uu xx 00 eng d
020 _a0717246906
050 _aREF 423
_bWe377 1995
245 _aThe new lexicon webster's encyclopedic dictionary of the English language.
260 _aUSA :
_bLexicon Publications, Inc,
_c1995.
650 _aEncyclopedia-
_xdictionary-
_xlanguages.
999 _c105765
_d105765